Η Ελλάδα και το ζήτημα των πυρηνικών όπλων, 1957-1963
Αποθηκεύτηκε σε:
| Κύριος συγγραφέας: | |
|---|---|
| Άλλοι συγγραφείς: | |
| Μορφή: | Βιβλίο |
| Γλώσσα: | Greek |
| Δημοσίευση: |
Αθήνα :
Πατάκης,
2011
|
| Θέματα: | |
| Ετικέτες: |
Προσθήκη ετικέτας
Δεν υπάρχουν, Καταχωρήστε ετικέτα πρώτοι!
|
MARC
| LEADER | 00000cam a2200000 i 4500 | ||
|---|---|---|---|
| 001 | 1/18434 | ||
| 008 | 120315s2011 gre d | ||
| 020 | |a 978-960-16-4134-8 | ||
| 035 | |l 10112070 | ||
| 040 | |a GR-MY-UA |b gre |e aacr | ||
| 041 | 0 | |a gre | |
| 082 | 0 | |a 327.1 |2 (22) | |
| 100 | 1 | |a Κουρκουβέλας, Λυκούργος. | |
| 245 | 1 | 2 | |a Η Ελλάδα και το ζήτημα των πυρηνικών όπλων, 1957-1963 / |c Λυκούργος Κουρκουβέλας ; πρόλογος Κωνσταντίνα Ε. Μπότσιου |
| 260 | |a Αθήνα : |b Πατάκης, |c 2011 | ||
| 300 | |a 305 σ.; |c 24 εκ. | ||
| 504 | |a Περιέχει ευρετήριο | ||
| 650 | 0 | 0 | |a Nuclear weapons |x Law and legislation |z Greece. |
| 650 | 0 | 0 | |a Weapons of mass destruction. |
| 650 | 0 | 0 | |a International relations |x Case studies. |
| 650 | 0 | 0 | |a National security. |
| 700 | 1 | |a Μπότσιου, Κωνσταντίνα Ε. |4 aui | |
| 852 | |a INST |b LESVOS |e 20120315 |h 327.1 ΚΟΥ |p 005100050619 |q 005100050619 |t BK |y 0 | ||
| 901 | |a BIBL1-2012-1 | ||
| 909 | |a Λ |b 173569 | ||
| 970 | |a ΤΖΑΦΕΡΗ |b ΕΥΑΓΓΕΛΙΑ |z 2012/03/15 | ||